000 00613cam a22002052 4500
001 0000021437
005 20151217155232.0
008 120514s xx 000 0 eng d
020 _a1847030177 :
040 _aKABU
_cKABU
100 1 _aSteinerte, Elina.
_@0000182289
245 1 0 _aNutcases international law /
_cElina Steinerte, Rebecca M. M. Wallace.
250 _a1st ed.
260 _aLondon :
_bSweet & Maxwell,
_c2008.
300 _axviii, 269 p.
650 0 _aInternational law.
_@0000158696
852 1 _9p1,467 KES
908 _a120514
950 _@1
999 _c12180
_d12180